000 01405nam a22002657a 4500
001 216218937
003 UA-OsUOA
005 20220515221357.0
008 200803b -cnaco|g |||| 00| 0deng d
020 _a9780973782707
040 _aUA-OsUOA
_bukr
_cUA-OsUOA
_dUA-OsUOA
041 _aeng
080 _a94(477)
090 _bA71
_a94(477)
100 _aArchibald M.
245 _aAtamansha: the Story of Maria Nikiforova - the Anarchist Joan of Arc
_cMalcolm Archibald
250 _aFirst published
260 _aEdmonton
_bBlack Cat Press
_c2007
300 _a47 p.
520 _aThe Ukrainian anarchist Maria Nikiforova (1885-1919) rose from the slums of industrial Alexandrovsk to become a ferocious terrorist and military commander who sacrificed everything for the cause of the Russian Revolution. A revolutionary from the age of sixteen, she fought for freedom of the oppressed on three continents, ended up on trial for her life on at least four occasions, and was sentenced to death twice. Her exploits became the stuff of folklore, but she was "blacklisted" by official historians and her story was lost for generations. Now, thanks to the good folks at Black Cat Press, her story is available again - and in English!
650 _a94(477) Історія України
_2UDC
942 _2udc
_cBK
955 _a4
999 _c284796
_d284796